|
|
|
|
| LEADER |
00000nam a22000005a 4500 |
| 001 |
vtls010454882 |
| 003 |
SK-MaSNL |
| 005 |
20260301132838.0 |
| 008 |
240318s2012 xo 000 0 slo |
| 015 |
|
|
|a SNBA2013
|
| 020 |
|
|
|a 9788055405322
|q (brož.)
|
| 035 |
|
|
|a E67810A7-E4F5-4DED-AB84-01D3BB82500C
|
| 035 |
|
|
|a urn:nbn:sk:snk-amjy98
|
| 035 |
|
|
|a urn:nbn:sk:snk-am00864e
|
| 040 |
|
|
|a SNK
|b slo
|c SNK
|e AACR2
|
| 041 |
0 |
|
|a slo
|
| 044 |
|
|
|a xo
|c SK
|
| 072 |
|
7 |
|a 514
|x Geometria
|2 konspekt
|
| 072 |
|
7 |
|a 37.016
|x Učebné osnovy. Vyučovacie predmety. Učebnice
|2 konspekt
|
| 080 |
|
|
|a 514.18
|2 2001
|
| 080 |
|
|
|a (075.8)
|2 2001
|
| 100 |
1 |
|
|a Stachová, Darina
|4 aut
|9 48423
|
| 245 |
1 |
0 |
|a Inžinierska geometria
|c Darina Stachová
|
| 250 |
|
|
|a 4. rozšír. a dopl. vyd.
|
| 260 |
|
|
|a V Žiline
|b Žilinská univerzita, Fakulta humanitných vied
|c 2012
|
| 300 |
|
|
|a 190 s.
|b grafy, obr., tab.
|c 29 cm
|
| 366 |
|
|
|e 350 výtl.
|
| 500 |
|
|
|a Vydala Žilinská univerzita v Žiline vo vydavateľstve EDIS
|
| 504 |
|
|
|a Bibliogr. s. 190
|
| 650 |
0 |
7 |
|a inžinierska geometria
|2 SNKPH
|9 183409
|
| 650 |
0 |
7 |
|a Engineering geometry
|2 SNKPHeng
|9 484271
|
| 655 |
|
7 |
|a učebnice vysokých škôl
|2 SNKPH
|9 70191
|
| 655 |
|
7 |
|a Textbooks (higher)
|2 SNKPH
|9 276436
|
| 919 |
|
|
|a 978-80-554-0532-2
|
| 958 |
|
|
|a NB
|
| 999 |
|
|
|c 752124
|d 754054
|
| 952 |
|
|
|a SNK
|b SNK
|y VYP
|7 0
|p 17A1050360
|o snkSB 83580 D1
|i snk2012/19317
|8 0
|0 0
|1 0
|4 0
|d 2012-10-01
|l 0
|r 2016-06-30 00:00:00
|w 2026-02-23
|
| 952 |
|
|
|a SNK
|b SNK
|y PREZ
|7 0
|p 17A1050359
|o snkSB 83580
|i snk2012/19315
|8 0
|0 0
|1 0
|4 0
|d 2012-10-01
|f 1
|l 0
|r 2025-05-06 00:00:00
|w 2026-02-23
|